| 000 | 00628 a2200289 4500 | ||
|---|---|---|---|
| 260 | _aParis | ||
| 100 | _aAUBERT, Georges | ||
| 700 | _aBOULAINE, Jean | ||
| 440 | _n352 | ||
| 260 | _bP U F | ||
| 245 | _aLa pédologie | ||
| 300 | _a126 p. | ||
| 650 | _a<Etude de sol> | ||
| 650 | _a<Classification des sols> | ||
| 650 | _a<pédologie> | ||
| 260 | _c1972 | ||
| 300 | _bill ; 18 cm | ||
| 130 | _lFr. | ||
| 440 | _a(Que sais-je ?) | ||
| 035 | _a03237 | ||
| 250 | _a2e éd. refondue | ||
| 999 |
_c12455 _d12455 |
||